000 00854nam a22001697a 4500
999 _c61433
_d61433
005 20240313114401.0
008 240313s1971 ru ||||| |||| 00| 0 rus d
041 _arus
080 _a902.6 K-85
100 _aКрыжицкий, С. Д.
_921408
245 _aЖилые ансамбли древней Ольвии :
_bIV-II вв. До Н.Э. /
_cС.Д. Крыжицкий; Ответственный редактор Л.М. Славин; Академия наук Украинской ССР. Институт археологии.
264 _aКиев :
_bНаукова Думка,
_c1971.
300 _a144 с. :
_b ил., схемы ;
_c 27 см.
653 _aსაცხოვრებელი სახლები ოლვიაში
700 _aСлавин, Л.М.,
_eრედაქტორი
_921409
942 _2udc
_cᲬᲘᲒᲜᲘ